| Tag |
First Indicator |
Second Indicator |
Subfields |
| LEADER |
00000cam a2200000 a 4500 |
| 001 |
in00001340821 |
| 005 |
20151006051610.0 |
| 008 |
960426s1996 ctua b 001 0 eng |
| 010 |
|
|
|a 96021635
|
| 020 |
|
|
|a 0300069421 (hardcover : alk. paper)
|
| 020 |
|
|
|a 0300069448 (pbk. : alk. paper)
|
| 035 |
|
|
|a (OCoLC)34675664
|
| 035 |
|
|
|9 AHF5740AM
|
| 040 |
|
|
|a DLC
|c DLC
|d TXA
|d UtOrBLW
|
| 043 |
|
|
|a e-uk-en
|
| 049 |
|
|
|a TXAM
|
| 050 |
0 |
0 |
|a NC242.T9
|b H55 1996
|
| 082 |
0 |
0 |
|a 741/.092
|2 20
|
| 100 |
1 |
|
|a Hill, David,
|d 1953-
|
| 245 |
1 |
0 |
|a Turner in the North :
|b a tour through Derbyshire, Yorkshire, Durham, Northumberland, the Scottish Borders, the Lake District, Lancashire, and Lincolnshire in the year 1797 /
|c David Hill.
|
| 264 |
|
1 |
|a New Haven :
|b Yale University Press,
|c [1996]
|
| 264 |
|
4 |
|c ©1996
|
| 300 |
|
|
|a viii, 213 pages :
|b illustrations (some color) ;
|c 25 x 29 cm.
|
| 336 |
|
|
|a text
|b txt
|2 rdacontent
|
| 337 |
|
|
|a unmediated
|b n
|2 rdamedia
|
| 338 |
|
|
|a volume
|b nc
|2 rdacarrier
|
| 500 |
|
|
|a Published on the occasion of the exhibition ..., at the Tate Gallery, London, 22 October 1996 - 16 February 1997, and Harwood House, Yorkshire, 15 March - 8 June 1997.
|
| 504 |
|
|
|a Includes bibliographical references (pages 207-209) and index.
|
| 600 |
1 |
0 |
|a Turner, J. M. W.
|q (Joseph Mallord William),
|d 1775-1851
|x Notebooks, sketychbooks, etc.
|
| 650 |
|
0 |
|a England, Northern, in art.
|
| 710 |
2 |
|
|a Tate Gallery.
|
| 710 |
2 |
|
|a Harewood House (Harwood, England)
|
| 999 |
|
|
|a MARS
|
| 999 |
f |
f |
|s a3f10f9a-1577-32e2-91dc-4910ccb8c84c
|i c91e6477-21da-3d80-a2a1-3c5a297f5876
|t 0
|
| 952 |
f |
f |
|p normal
|a Texas A&M University
|b College Station
|c Sterling C. Evans Library
|d Evans: Library Stacks
|t 0
|e NC242.T9 H55 1996
|h Library of Congress classification
|i unmediated -- volume
|m A14820965552
|
| 998 |
f |
f |
|a NC242.T9 H55 1996
|t 0
|l Evans: Library Stacks
|